000 00775nas a2200277 4500
001 BR2013001035
003 BR-BrBNA
005 20231205121909.0
007 ta
008 230509b bl.|||p| |||| 00| 00por d
040 _aBR-BrBNA
_bpor
_cBiblioteca Nacional de Agricultura
041 _aPT
072 _aE71; S01; Q03
100 1 _aRibas, J.R.
100 1 _aHerszkowicz, N.
245 1 _aRol de benefícios
650 _aCOMÉRCIO INTERNACIONAL
650 _aINSTITUIÇÃO DE PESQUISA
650 _aCONSUMO ALIMENTAR
650 _aCAFÉ
650 _aMEDICINA
650 _aSAÚDE PÚBLICA
773 0 _tAgroanalysis (Brazil)
_xISSN 0100-4298
_g(Oct 2008), v. 28(10) p. 34
_wBR2013001035
909 _a202311
_bLúcia
_c55
_dLúcia Elande
942 _2AGRIS
_n0
_cANA
999 _c225820
_d225820